Víz és föld (Csohány Kálmán rajzához) ; Legbelül [versek] /
Elmentve itt :
| Szerző: | |
|---|---|
| Dokumentumtípus: | Cikk |
| Megjelent: |
1967
|
| Sorozat: | Tiszatáj
21 No. 5 |
| Kulcsszavak: | Magyar irodalom - vers |
| Online Access: | http://tiszataj.bibl.u-szeged.hu/4640 |
| LEADER | 00607nab a2200181 i 4500 | ||
|---|---|---|---|
| 001 | tisza4640 | ||
| 005 | 20200330124110.0 | ||
| 008 | 170602s1967 hu o 0|| hun d | ||
| 022 | |a 0133-1167 | ||
| 040 | |a SZTE Tiszatáj Archívum |b hun | ||
| 041 | |a hun | ||
| 100 | 1 | |a Sipos Gyula | |
| 245 | 1 | 0 | |a Víz és föld (Csohány Kálmán rajzához) ; Legbelül |h [elektronikus dokumentum] : |b [versek] / |c Sipos Gyula |
| 260 | |c 1967 | ||
| 300 | |a 419-420 | ||
| 490 | 0 | |a Tiszatáj |v 21 No. 5 | |
| 695 | |a Magyar irodalom - vers | ||
| 856 | 4 | 0 | |u http://tiszataj.bibl.u-szeged.hu/4640/1/tiszataj_1967_005_419-420.pdf |z Dokumentum-elérés |